| 000 | 00530nam a22001697a 4500 | ||
|---|---|---|---|
| 003 | PILC | ||
| 005 | 20160322151028.0 | ||
| 008 | 160322b xxu||||| |||| 00| 0 eng d | ||
| 020 | _a9781133604587 | ||
| 050 |
_aTS 156 _b.Ev92 2015 |
||
| 100 | _aEvans, James. | ||
| 245 |
_aAn introduction to six sigma & process improvement / _cJames R. Evans, William M. Lindsay. |
||
| 260 |
_aAustralia : _bCengage, _c2015. |
||
| 300 |
_axiii, 350 pages : _billustrations ; _c23 cm. |
||
| 500 | _aIncludes appendix and index. | ||
| 942 |
_2lcc _cBK |
||
| 999 |
_c292841 _d292841 |
||